000 00893nam a22002057a 4500
999 _c4956
_d4956
020 _a8126129395
020 _a9788126129393
050 _aHF 5549
_b.S53
100 _aM K Sharma
245 _aPersonnel administration
_cM K Sharma
250 _a1st ed.
260 _aNew Delhi, India :
_bAnmol Publications,
_c2006.
300 _avii, 362 p. :
_billus. ;
_c23 cm
500 _aIncludes Index
505 _aChapter 1: Personnel Administration - An Introduction Chapter 2: Personnel Policy Chapter 3: Produce of Recruitment and Agencies Chapter 4; Training Procedure in Administration Chapter 5; Performance Appraisal Chapter 6: Promotion Policy in India Chapter 7: Morale and Discipline in Service Chapter 8: Human Relations
650 _a Personnel management -- India.
_xGovernment policy -- India.
650 _aPersonnel management
700 _aM K Sharma
942 _cBK